Management Science : The Art of Modeling with Spreadsheets (Record no. 2767)

MARC details
005 - DATE AND TIME OF LATEST TRANSACTION
control field 20250528112732.0
020 ## - INTERNATIONAL STANDARD BOOK NUMBER
International Standard Book Number 978-0-470-39376-5
082 ## - DEWEY DECIMAL CLASSIFICATION NUMBER
Classification number LECT 650.01 POW
100 ## - MAIN ENTRY--PERSONAL NAME
Author name POWELL, S. G
245 ## - TITLE STATEMENT
Title Management Science : The Art of Modeling with Spreadsheets
250 ## - EDITION STATEMENT
Edition statement 2nd Ed.
260 ## - PUBLICATION, DISTRIBUTION, ETC.
Place of publication, distribution, etc. USA
Name of publisher, distributor, etc. John Wiley & Sons, Ltd
Date of publication, distribution, etc. 2009
300 ## - PHYSICAL DESCRIPTION
Extent xv, 511p.: ill.; figure, table
Other physical details Index
Dimensions 28cm
700 ## - ADDED ENTRY--PERSONAL NAME
Other authors/Editors BAKER, K. R
856 ## - ELECTRONIC LOCATION AND ACCESS
Link text Access Online Book
Electronic name Management Science : The Art of Modeling with Spreadsheets
Path www.wiley.com/college/powell
942 ## - ADDED ENTRY ELEMENTS (KOHA)
Source of classification or shelving scheme Dewey Decimal Classification
Koha item type Books
Holdings
Date last seen Total checkouts Full call number Barcode Cost, replacement price Price effective from Koha item type Lost status Source of classification or shelving scheme Damaged status Not for loan Withdrawn status Home library Current library Shelving location Date acquired Cost, normal purchase price
05/28/2025   LECT650.01 POW 00000010348 156000.00 05/28/2025 Books   Dewey Decimal Classification       College of Business Education Main Library College of Business Education Main Library General Collection 11/28/2014 52000.00